000 00954cam a22002411 4500
001 ss 55000224
003 DLC
005 20260227112752.0
008 750108s1955 xx 000 0 eng
010 _ass 55000224
035 _a(OCoLC)1134689
040 _aDLC
_cMBNU
_dMBU-M
_dOCoLC
_dDLC
050 0 0 _aZ7164.O4
_bU48
082 _a016.3626
110 1 _aUnited States.
_bDepartment of Health, Education, and Welfare.
_bLibrary.
245 1 0 _aSelected references on aging;
_ban annotated bibliography, 1955.
_cCompiled for the Committee on Aging.
260 _aWashington
_b[U.S. Govt. Print. Off.,
_c1955]
300 _aiv, 64 p.
_c23 cm.
500 _aEarlier editions issued by the Federal Security Agency. Library.
650 0 _aOlder people
_vBibliography.
710 1 _aUnited States.
_bCommittee on Aging.
710 1 _aUnited States.
_bFederal Security Agency.
_bLibrary.
_tSelected references on aging; an annotated bibliography.
999 _c90965
_d90965